1443 1770 1243 1472 1302 1243 1432 1447 1198 1926 1949 1921 1842 1452 1177 1098 1657 1733 1271 1226 1100 1638 1018 1641 1840 1601 1938 1960 1844 1475 1303 1642 1441 1862 1579 1285 1557 1212 1008 1793 1420 1636 1916 1135 1007 1781 1184 1271 1797 1339 1220 1055 1548 1353 1122 1405 1540 1899 1637 1214 1646 1956 1418 1456 1359 1591 1419 1357 1916 1524 1857 1579 1971 1852 1512 1252 1061 1988 1435 1695 1239 1374 1933 1625 1441 1885 1078 1694 1942 1657 1611 1611 1117 1152 1042 1347 1133 1939 1451 BCNSPRNW ULIB Ver.6.0+V

เปลี่ยนเป็นภาษาไทย

Change to English
 แสดงรายละเอียดบรรณานุกรม
  กลับหน้าหลัก

Brief Record : Get Marc (ISO 2709) : E-mail record : QR code < ปิดหน้าต่าง
LEADER : 00000nam 2200000uu 4500
001    13399128473
003     ULIB
008    230829s2022||||th 000 0 tha d
020    ^a9781264285839 (v. 2)
060 04 ^aWB115^bH322^cV.2
245 00 ^aHarrison s principles of internal medicine /^ceditors:Joseph Loscalzo ... [et al.]
246 30 ^aPrinciples of internal medicine
250    ^a21th ed.
260    ^aNew York :^bMcGraw-Hill,^c2022
300    ^a2 v. :^bill. (some col.), col. maps ;^c29 cm.
504    ^aIncludes bibliographical references and index
650  2 ^aInternal Medicine
700 1  ^aLoscalzo, Joseph,^eed.
700 1  ^aHarrison, Tinsley Randolph,^d1900-
945    ^p8560^l0^i010217
999    ^aประนอม เกษจรัล
รายการนี้ยังไม่มีแท็ก
คุณยังไม่ได้ล็อกอิน คุณสามารถมีกิจกรรมร่วมกับเว็บไซต์ได้ แต่ต้องล็อกอินก่อน ::
  ล็อกอิน

รายการสื่อสารสนเทศ

ลำดับที่ ประเภท เลขเรียก/บาร์โค้ด สถานที่ สถานะ
1. วิทยาศาสตร์การแพทย์ และสุขภาพ
วิทยาศาสตร์การแพทย์ และสุขภาพ
WB115 H322 V.2 ฉ.1 
  Barcode: 010217
ห้องสมุดวิทยาเขตสวรรค์ประชารักษ์
►หนังสือทั่วไป
บนชั้น

รายการใกล้เคียง
    หัวเรื่อง [Internal Medicine]

BibComment


ยังไม่เคยถูกคอมเมนท์

คอมเมนท์ทรัพยากรรายการนี้
  คอมเมนท์: Harrison s princ..


 Copyright 2026. Bcnsprnw @Library